• 首页
  • 本馆介绍
  • 公告通知
  • 最新文献
  • 馆藏检索
  • 电子资源
  • 读者导购
  • 参考咨询
  • 我的图书馆
  • 登录
  • 详细信息显示
  • 放入我的书架
  • 预约/预借图书
  • 作者相关作品
  • 分类相关作品
  • 丛书相关作品
  • 出版社相关作品

书目信息

  • 表格格式
  • 工作单格式
  • 卡片格式
书名: Previews & premises
作者: by Alvin Toffler.
分册号:
分册名:
出版地: New York :
 
出版社: W. Morrow
出版时间: 1983.
页数: 230 p. ;
开本: 22 cm.
丛书名:
中图分类号:
科图分类号:
其他分类号: F037
主题词:
电子资源:
000 01012nam 2200301 a 4500
001 E0756059890
005 20070712083350.67
008 840202s1983 nyu 00110 eng
008 uu
010    @a82062941
020    @a0688019102 :@c$11.95.
020    @a0-89608-210-5.
049    @aN5LA
050 0  @aHN17.5 @b.T642 1983
082 0  @a306/.0973 @219
090    @aF037
099    @dF037@ex80
100 10 @aToffler, Alvin.
245 10 @aPreviews & premises :@ban interview with the author of Future shock and The third wave / @cby Alvin Toffler.
250    @a1st ed.
260 0  @aNew York :@bW. Morrow,@c1983.
300    @a230 p. ;@c22 cm.
500    @aIncludes index.
650  0 @aSocial change.
650  0 @aSocial history @y1970-
650  0 @aCivilization, Modern @y1950-
740 01 @aPreviews and premises. @b00 @c20020930 @lNLC09 @h2248 @b00 @c20021020 @lNLC09 @h2350 @lNLC09 @h2326 @lNLC09 @h1917 @b00 @c20030601 @lNLC09 @h1951
852 9  @bWWJC @cJ08N @k2-85 @hF037 @iT64
    
    Previews & premises : : an interview with the author of Future shock and The third wave / / by Alvin Toffler.-1st ed.-New York : : W. Morrow, , 1983.
    230 p. ; ; 22 cm.
    Includes index.
    
    ISBN 0688019102 :$11.95.
    
●
相关链接 在E读中查询图书 在五车中查询图书 在当当中查询图书 在豆瓣中查询图书


正题名:Previews & premises     索取号:F037/x80         预约/预借

序号 登录号 条形码 馆藏地/架位号 状态 备注
1 0011719   300117193   第四借阅区/ [索取号:F037/x80] 在馆    
2 11395   300113954   第二样本阅览室/ [索取号:F037/x80] 在馆    
3 11763   300117638   第四借阅区/ [索取号:F037/x80] 在馆    
4 11764   300117647   第四借阅区/ [索取号:F037/x80] 在馆    
唐山师范学院图书馆 欢迎您!
大连网信软件有限公司© 版权所有